000 00567nam a2200205Ia 4500
005 20250923150051.0
008 008 250917s9999 xx 000 0 eng d
037 _aTextual
040 _aDSWL
_beng
_cDSWL
041 _aeng
_2eng
084 _al7:4:691, N99
_qDSWL
100 _aSahani, Ashok
_9841856
245 0 _aMental health care in India
_c by Ashok Sahani
260 _aBangalore
_bISHA Publications
_c1999
300 _a332p.
365 _aINR
_b300
925 _g300
942 _cTEXL
_hl7:4:691, N99
999 _c1459186
_d1459186